| 000 | 01052nam a2200229Ia 4500 | ||
|---|---|---|---|
| 001 | L270-31918 | ||
| 003 | IT-CnALBA | ||
| 008 | 170116s9999||||xx |||||||||||||| ||und|| | ||
| 040 |
_aIT-CnALBA _cIT-CnALBA |
||
| 041 | _aITALIANO | ||
| 100 | _aSENZA AUTORE | ||
| 245 | 0 | _aCOMPENDIO CRONOLOGICO DELLA STORIA ECCLESIASTICA. TOMO IV: DALL'ANNO 1400 DELL'ERA CRISTIANA FINO ALL'ANNO 1700. | |
| 250 | _a1a ed. | ||
| 260 |
_a LUGANO _bAGNELLI, STAMPERIA _c1761 [1° Ed.: n.d.] |
||
| 300 | _a571 p. | ||
| 500 | _aTRADUZIONE DAL FRANCESE. ELENCO DEI PAPI CONCILI GENERALI E PARTICOLARI. SCISMI. ERESIE. ISTITUZIONI DEGLI ORDINI MONASTICI... INDICE DELLE NOTE E RIFLESSIONI. | ||
| 501 | _aSocietà San Paolo EM - Piazza San Paolo, 14 - 12051 ALBA (CN) (non commercial uses only) ® Copyright 2017 | ||
| 520 | _aTRADUZIONE DAL FRANCESE. ELENCO DEI PAPI CONCILI GENERALI E PARTICOLARI. SCISMI. ERESIE. ISTITUZIONI DEGLI ORDINI MONASTICI... INDICE DELLE NOTE E RIFLESSIONI. | ||
| 650 | _aSTORIA DELLA CHIESA | ||
| 942 | _cBK | ||
| 957 | _71 | ||
| 999 |
_a36686 _bSI _g Copie: 1 _c290750 _d290750 |
||